Agenda de Seguridad Social 2013

Bibliographic Details
Format: Serial
Language:Spanish
Published: Mx̌ico D.F. : Ediciones Fiscales ISEF, 2013
Subjects:
Online Access:http://www.vlex.com/source/7334

MARC

LEADER 00000nas a22000007a 4500
005 20130318153427.0
007 cr|||| ||||
008 130318e20139999mx |||||s|||| 00||0 spa d
035 |a 7334 
040 |a vLex 
090 |c 3944  |d 3944 
245 0 0 |a Agenda de Seguridad Social 2013  |h [Recurso electrn̤ico]  
256 |a Servicio en ln̕ea 
260 |a Mx̌ico D.F. :  |b Ediciones Fiscales ISEF,   |c 2013 
300 |a 1 Recurso electrn̤ico 
650 0 4 |a Derecho laboral  |z Mx̌ico 
740 |a vLex Libros (Servicio en ln̕ea) 
856 |a Acceso restringido  |u http://www.vlex.com/source/7334 
942 |c BOOK 
999 0 |a Labor law and legislation